000 00639nam a22002537a 4500
003 UA-OsUOA
001 21751
007 ta
008 20031213b un ||||| |||| 00| 0 ukr d
100 _aПоликарпов В. С.
090 _a008(042-4)
_bП49
942 _cBK
040 _aUA-OsUOA
_brus
_cUA-OsUOA
_dUA-OsUOA
245 _aЛекции по культурологии
300 _a344 с.
955 _a0
041 _arus
080 _a008(042-4)
020 _a5-7357-0139-8
260 _aМосква
_bГардарика, Экспертное бюро
_c1997
044 _aRU
650 7 _2UDC
999 _c307958
_d307958